000
00431nam a2200145Ia 4500
008
090124s9999 xx 000 0 und d
082
_b
402365
245
_a
अव्दितीय साहसकथा
250
_a
1
260
_b
केळकर ग. म.
_c
1989
300
_a
48
630
_a
अव्दितीय साहसकथा
730
_a
अव्दितीय साहसकथा
942
_c
BOOK
999
_c
198825
_d
198825